| 000 | 00441nam a22001697a 4500 | ||
|---|---|---|---|
| 003 | OSt | ||
| 005 | 20211020100752.0 | ||
| 008 | 211020b |||||||| |||| 00| 0 eng d | ||
| 020 | _a0-942096-01-0 | ||
| 040 |
_aDDC _cHU |
||
| 082 |
_21ST _a612.6 _b4 |
||
| 100 |
_aHOSKEN FRAN P. _914492 |
||
| 245 | _aTHE UNIVERSAL CHILDBIRTH PICTURE BOOK | ||
| 250 | _a1ST | ||
| 260 |
_aUSA _bWOMENS INTERNATIONAL NETWORK NEWS _c1995 |
||
| 942 |
_2ddc _cBOOKS _n0 |
||
| 999 |
_c13620 _d13620 |
||